000 01182nam a2200265 a 4500
001 000047471
003 DO-SdBNP
005 20220314084602.0
007 ta
008 130708e2017 dr oc gr 001 edspa d
020 _a9789945090659
040 _aDO-SdBNP
_bspa
_cBNPHU
082 4 _a920.71
_bJ38C
_222
100 1 _aCabrera Vásquez, Enrique Alberto
_975095
245 1 0 _aJarvis levantado en la memoria /
_cEnrique Alberto Cabrera Vásquez.
260 _aSanto Domingo :
_bSantuario,
_c2017.
300 _a93 p. :
_bil., fots., retrs. ;
_c23 cm.
500 _aIncluye datos biográficos del autor en la solapa de la cubierta
505 0 _aPrólogo --
_tEstrago --
_tProsas para Jarvis --
_tAcróstico --
_tPanegírico a Rafael Antonio Jarvis --
_tMás sobre Rafael Antonio Jarvis /
_r Alma Vásquez --
_tEcos de oriente /
_tLa espera del labrador --
_tHuésped invitados /
_rPablo Neruda --
_rOctavio Paz --
_tLa integridad de los hombres /
_rAndrés Fortunato --
590 _aInventariado, 2018/ YL
600 1 4 _aJarvis, Rafael Antonio,
_d1940-1998
_981245
651 4 _aRepública Dominicana
_vBiografías
_91083
910 _aValidado. Control de calidad MFF
942 _2ddc
_cLBS1
999 _c46959
_d46959